[Event "3rd DC International"]
[Site "Arlington, VA"]
[Date "2015.06.29"]
[Round "8.4"]
[White "Jayaram, Ashwin"]
[Black "Panchanathan, Magesh"]
[Result "1/2-1/2"]
[WhiteElo "2490"]
[BlackElo "2541"]
[PlyCount "59"]
[EventDate "2015.06.??"]
[EventType "swiss"]
[EventRounds "9"]
[EventCountry "USA"]
[WhiteClock "0:16:25"]
[BlackClock "0:19:16"]

1. d4 Nf6 2. c4 e6 3. g3 d5 4. Nf3 dxc4 5. Bg2 Nc6 6. Qa4 Bb4+ 7. Bd2 Bd6 8.
O-O O-O 9. Qxc4 e5 10. dxe5 Nxe5 11. Nxe5 Bxe5 12. Bc3 Qe7 13. Bb4 c5 14. Bxc5
Qc7 15. Qc1 Bxb2 16. Qxb2 Qxc5 17. Nd2 Rb8 18. Rfc1 Qh5 19. Nf3 Be6 20. Rc7 Bd5
21. Nh4 Rfe8 22. Bxd5 Qxd5 23. Ng2 Qe5 24. Qxe5 Rxe5 25. Rb1 Rxe2 26. Rbxb7
Rxb7 27. Rxb7 g5 28. Rxa7 Ne4 29. Ne3 Nxf2 30. Kf1 1/2-1/2

[Event "3rd DC International"]
[Site "Arlington, VA"]
[Date "2015.06.29"]
[Round "8"]
[White "Bodek, Michael"]
[Black "Chandra, Akshat"]
[Result "0-1"]
[WhiteElo "2425"]
[BlackElo "2495"]
[PlyCount "98"]
[EventDate "2015.06.??"]
[EventType "swiss"]
[EventRounds "9"]
[EventCountry "USA"]

1. e4 c5 2. Nf3 e6 3. Nc3 Nc6 4. d4 cxd4 5. Nxd4 Qc7 6. g3 a6 7. Bg2 Nf6 8. O-O
h5 9. Re1 Nxd4 10. Qxd4 Bc5 11. Bf4 d6 12. Qd2 Ng4 13. Re2 Qd7 14. Nd1 e5 15.
Be3 Nxe3 16. Nxe3 a5 17. Rd1 Qd8 18. Nf5 O-O 19. c3 Be6 20. Nxd6 Qb6 21. Nf5
Rfd8 22. Qc1 Rxd1+ 23. Qxd1 g6 24. Nh4 Bxa2 25. Nf3 Bb3 26. Qc1 Rd8 27. Nd2 Be6
28. Nf1 Bb3 29. Nd2 Ba4 30. Nf1 Rd1 31. Qg5 Bb5 32. Rd2 Rxd2 33. Qxd2 Bc6 34.
h4 Kg7 35. Nh2 a4 36. Nf3 Qc7 37. Qe2 b5 38. Ne1 b4 39. cxb4 Bxb4 40. Nf3 Qd6
41. Qc4 Bc5 42. Bf1 Bd7 43. Qc2 Bg4 44. Kg2 Bd7 45. Bc4 Bd4 46. Bd5 Qb6 47.
Nxd4 exd4 48. Qc4 Bb5 49. Qb4 Bf1+ 0-1

[Event "3rd DC International"]
[Site "Arlington, VA"]
[Date "2015.06.29"]
[Round "8"]
[White "Pinto, Renato"]
[Black "Bachmann, Axel"]
[Result "0-1"]
[WhiteElo "2422"]
[BlackElo "2626"]
[PlyCount "66"]
[EventDate "2015.06.??"]
[EventType "swiss"]
[EventRounds "9"]
[EventCountry "USA"]

1. d4 g6 2. c4 Bg7 3. Nc3 d6 4. Nf3 Nf6 5. e4 O-O 6. Be2 Bg4 7. Be3 Nfd7 8. Rc1
e5 9. d5 a5 10. a3 Na6 11. Rb1 f5 12. h3 Bxf3 13. Bxf3 Nac5 14. b4 axb4 15.
axb4 Ra3 16. bxc5 Rxc3 17. cxd6 Rxe3+ 18. fxe3 Qh4+ 19. Kd2 cxd6 20. Qe1 Qd8
21. Rxb7 Qa5+ 22. Ke2 Qa2+ 23. Qd2 Qxc4+ 24. Kd1 Nc5 25. Rb4 Qa6 26. Be2 Qa3
27. exf5 e4 28. Rb1 Na4 29. Qc2 Nc3+ 30. Kd2 Qa5 31. Rb3 Rc8 32. Bc4 Rxc4 33.
Rb8+ Bf8 0-1

[Event "3rd DC International"]
[Site "Arlington, VA"]
[Date "2015.06.29"]
[Round "8"]
[White "Sevian, Samuel"]
[Black "Cao, Jason"]
[Result "1/2-1/2"]
[WhiteElo "2578"]
[BlackElo "2332"]
[PlyCount "88"]
[EventDate "2015.06.??"]
[EventType "swiss"]
[EventRounds "9"]
[EventCountry "USA"]

1. e4 c5 2. Nf3 d6 3. d4 cxd4 4. Nxd4 Nf6 5. Nc3 a6 6. Be3 e5 7. Nb3 Be7 8. f3
Be6 9. Qd2 O-O 10. O-O-O Nbd7 11. g4 b5 12. Rg1 b4 13. Nd5 Bxd5 14. exd5 a5 15.
g5 Nh5 16. Kb1 f5 17. gxf6 Rxf6 18. Bb5 Nf8 19. Bc6 Rc8 20. Qe2 Ng6 21. Nd2 Nh4
22. Qf2 Nf5 23. Bb6 Qf8 24. Ne4 Rh6 25. Bxa5 Nd4 26. Bxb4 Nf4 27. Rgf1 Nxc6 28.
dxc6 d5 29. Bxe7 Qxe7 30. Nc3 d4 31. Ne2 Nd5 32. Nxd4 exd4 33. Qxd4 Ne3 34.
Rfe1 Re6 35. Rd3 Nf5 36. Rxe6 Qxe6 37. Qd5 Rxc6 38. Qxe6+ Rxe6 39. a4 Kf7 40.
b4 Rd6 41. Rc3 Rd4 42. Rc7+ Ke6 43. c3 Rd7 44. Rc6+ Rd6 1/2-1/2

[Event "3rd DC International"]
[Site "Arlington, VA"]
[Date "2015.06.29"]
[Round "8"]
[White "Georgiadis, Nico"]
[Black "Ippolito, Dean"]
[Result "1-0"]
[WhiteElo "2479"]
[BlackElo "2395"]
[PlyCount "89"]
[EventDate "2015.06.??"]
[EventType "swiss"]
[EventRounds "9"]
[EventCountry "USA"]

1. d4 Nf6 2. c4 e6 3. g3 d5 4. Nf3 Be7 5. Bg2 O-O 6. Qc2 c5 7. dxc5 Qa5+ 8. Nc3
dxc4 9. O-O Nc6 10. Bg5 Qxc5 11. Bxf6 Bxf6 12. Ne4 Qe7 13. Rfd1 e5 14. Qxc4 Be6
15. Qb5 Qb4 16. Qxb4 Nxb4 17. a3 Nc6 18. Nxf6+ gxf6 19. Rac1 Rad8 20. Kf1 Rxd1+
21. Rxd1 Rd8 22. Rxd8+ Nxd8 23. Nh4 Kf8 24. Be4 h6 25. e3 Ke7 26. Ke2 Kd6 27.
Nf5+ Bxf5 28. Bxf5 Kc5 29. Bb1 a5 30. g4 b5 31. Kd3 Nb7 32. Ba2 Nd6 33. f3 Nc4
34. Bxc4 bxc4+ 35. Ke4 a4 36. h4 c3 37. bxc3 Kc4 38. h5 Kb3 39. Kd3 e4+ 40.
fxe4 Kxa3 41. Kc2 Ka2 42. c4 f5 43. g5 f4 44. exf4 a3 45. c5 1-0

[Event "3rd DC International"]
[Site "Arlington, VA"]
[Date "2015.06.29"]
[Round "8"]
[White "Shen, Victor"]
[Black "Wheeler, Cameron"]
[Result "0-1"]
[WhiteElo "2412"]
[BlackElo "2299"]
[PlyCount "78"]
[EventDate "2015.06.??"]
[EventType "swiss"]
[EventRounds "9"]
[EventCountry "USA"]

1. e4 e6 2. d4 d5 3. Nd2 Nf6 4. e5 Nfd7 5. Bd3 c5 6. c3 Nc6 7. Ne2 cxd4 8. cxd4
f6 9. exf6 Qxf6 10. O-O Bd6 11. Nf3 h6 12. Be3 O-O 13. Rc1 Kh8 14. Ng3 e5 15.
dxe5 Ndxe5 16. Nxe5 Bxe5 17. Bc5 Re8 18. Bb1 Be6 19. b3 Qh4 20. Qd3 Bg8 21.
Rcd1 Rac8 22. Ba3 a6 23. Bc1 Rf8 24. Ba3 Rf4 25. h3 Nd4 26. Ne2 Rf3 27. Qxd4
Bxd4 28. Rxd4 Qg5 29. Rg4 Qd2 30. gxf3 Qxe2 31. f4 d4 32. Bd6 Bd5 33. Be5 Bf3
34. Bxg7+ Kg8 35. Bxd4+ Bxg4 36. hxg4 Qxg4+ 37. Kh1 Kf7 38. Bh7 Qf3+ 39. Kg1
Qxf4 0-1

[Event "3rd DC International"]
[Site "Arlington, VA"]
[Date "2015.06.29"]
[Round "8"]
[White "Li, Ruifeng"]
[Black "Santarius, Erik"]
[Result "1-0"]
[WhiteElo "2394"]
[BlackElo "2266"]
[PlyCount "41"]
[EventDate "2015.06.??"]
[EventType "swiss"]
[EventRounds "9"]
[EventCountry "USA"]

1. d4 Nf6 2. Nf3 e6 3. e3 d5 4. Bd3 c5 5. b3 Nc6 6. Bb2 Bd6 7. O-O Qc7 8. c4
dxc4 9. bxc4 e5 10. Nc3 exd4 11. Nb5 Qd8 12. exd4 Nxd4 13. Nfxd4 cxd4 14. Nxd6+
Qxd6 15. c5 Qxc5 16. Bxd4 Qa5 17. Re1+ Be6 18. Re5 Qd8 19. Bc5 Nd7 20. Rxe6+
fxe6 21. Qh5+ 1-0

[Event "3rd DC International"]
[Site "Arlington, VA"]
[Date "2015.06.29"]
[Round "8"]
[White "Panchanatham, Vignesh"]
[Black "Pourkashiyan, Atousa"]
[Result "0-1"]
[WhiteElo "2217"]
[BlackElo "2370"]
[PlyCount "98"]
[EventDate "2015.06.??"]
[EventType "swiss"]
[EventRounds "9"]
[EventCountry "USA"]

1. d4 Nf6 2. c4 e6 3. Nf3 b6 4. g3 Ba6 5. Qa4 Bb7 6. Bg2 g6 7. Nc3 Ne4 8. O-O
Bg7 9. Rd1 O-O 10. Nxe4 Bxe4 11. d5 a5 12. Ng5 Bxg2 13. Kxg2 Qc8 14. c5 h6 15.
Nf3 bxc5 16. Qh4 Qd8 17. Bg5 f6 18. Bxh6 exd5 19. Rxd5 d6 20. Qc4 Kh7 21. Be3
Nd7 22. Rad1 Qe8 23. Qc2 Kg8 24. h4 Rb8 25. b3 f5 26. Bg5 a4 27. h5 Qe4 28. Qd2
axb3 29. axb3 Rxb3 30. hxg6 Rb2 31. Qa5 Nb6 32. R5d2 Ra8 33. Rxb2 Rxa5 34. Rb3
Qe6 35. Re3 Qxg6 36. Bd8 Ra1 37. Rxa1 Bxa1 38. Nh4 Qf7 39. Rf3 Qd7 40. Bg5 f4
41. Rxf4 Be5 42. Rf3 Qg4 43. Be7 Bg7 44. Nf5 Qe4 45. Kf1 Nc4 46. Bg5 Ne5 47.
Nxg7 Nxf3 48. exf3 Qd3+ 49. Kg2 Kxg7 0-1

[Event "3rd DC International"]
[Site "Arlington, VA"]
[Date "2015.06.29"]
[Round "8"]
[White "Viswanadha, Kesav"]
[Black "Zheng, Andrew"]
[Result "1-0"]
[WhiteElo "2358"]
[BlackElo "2113"]
[PlyCount "109"]
[EventDate "2015.06.??"]
[EventType "swiss"]
[EventRounds "9"]
[EventCountry "USA"]

1. e4 c5 2. Nf3 d6 3. d4 cxd4 4. Nxd4 Nf6 5. Nc3 a6 6. Be3 e5 7. Nb3 Be6 8. h3
Nbd7 9. g4 Rc8 10. g5 Rxc3 11. gxf6 Rc6 12. fxg7 Bxg7 13. Qd2 Bf8 14. O-O-O Qc8
15. Kb1 Nc5 16. Nxc5 dxc5 17. Qc3 f6 18. f4 Qc7 19. Be2 exf4 20. Bh5+ Ke7 21.
Bf2 Bf7 22. Bg4 Be6 23. Bh5 Bf7 24. Bxf7 Kxf7 25. Rd5 Re6 26. Rhd1 Be7 27. Qf3
Re5 28. Rxe5 Qxe5 29. Rd5 Qe6 30. Qh5+ Kg7 31. Rd1 Rd8 32. Rg1+ Kh8 33. a3 Rg8
34. Rd1 b6 35. Qf3 Bd6 36. Qd3 Be5 37. Qxa6 Qxh3 38. Qxb6 Qf3 39. Rd2 Qxe4 40.
Rd8 Qh1+ 41. Ka2 Qc1 42. Rxg8+ Kxg8 43. Qb3+ Kg7 44. Bxc5 h5 45. Bf2 f3 46. c3
Qd2 47. Qb7+ Kg8 48. Qxf3 Bxc3 49. Qxc3 Qxf2 50. a4 h4 51. a5 Qg2 52. a6 Qa8
53. Qb3+ Kh8 54. Qb7 Qg8+ 55. Ka3 1-0

[Event "3rd DC International"]
[Site "Arlington, VA"]
[Date "2015.06.29"]
[Round "8"]
[White "Korley, Kassa"]
[Black "Brodsky, David"]
[Result "1/2-1/2"]
[WhiteElo "2435"]
[BlackElo "2265"]
[PlyCount "119"]
[EventDate "2015.06.??"]
[EventType "swiss"]
[EventRounds "9"]
[EventCountry "USA"]

1. Nf3 Nf6 2. c4 c6 3. d4 d5 4. Nc3 dxc4 5. a4 Bf5 6. Nh4 Bg4 7. h3 Bh5 8. g4
Bg6 9. Nxg6 hxg6 10. e3 e6 11. Bxc4 Bb4 12. Bd2 a5 13. Qf3 Nbd7 14. g5 Nd5 15.
h4 Qe7 16. Rc1 N5b6 17. Bb3 O-O-O 18. h5 gxh5 19. Rxh5 Kb8 20. g6 fxg6 21. Rxh8
Rxh8 22. Qg3+ e5 23. Kd1 Ka8 24. Qxg6 exd4 25. exd4 Qf6 26. Qxf6 Nxf6 27. Ke2
Rd8 28. Be3 Nbd5 29. Nxd5 Nxd5 30. Bxd5 Rxd5 31. Rg1 Rd7 32. Kd3 Ka7 33. Ke4
Ka6 34. Rg6 Bf8 35. Bf4 Ka7 36. Be5 Rf7 37. f4 Rd7 38. b3 Ka8 39. Re6 Ka7 40.
Re8 Rf7 41. f5 Be7 42. d5 Kb6 43. d6 Bf6 44. Bxf6 gxf6 45. Re7 Rf8 46. Kd4 Rh8
47. Re6 Rh4+ 48. Kc3 Rh3+ 49. Kb2 Rh2+ 50. Ka3 Rd2 51. Rxf6 Kc5 52. Re6 b5 53.
axb5 cxb5 54. b4+ axb4+ 55. Kb3 Rd3+ 56. Kc2 Rxd6 57. Rxd6 Kxd6 58. Kb3 Ke5 59.
Kxb4 Kxf5 60. Kxb5 1/2-1/2

[Event "3rd DC International"]
[Site "Arlington, VA"]
[Date "2015.06.29"]
[Round "8"]
[White "Boas, Toby"]
[Black "Mandizha, Farai"]
[Result "1-0"]
[WhiteElo "2218"]
[BlackElo "2362"]
[PlyCount "87"]
[EventDate "2015.06.??"]
[EventType "swiss"]
[EventRounds "9"]
[EventCountry "USA"]

1. d4 Nf6 2. Bg5 d5 3. Bxf6 exf6 4. e3 Bd6 5. g3 c6 6. Bg2 Qb6 7. Qc1 Nd7 8.
Ne2 f5 9. O-O Nf6 10. c4 Qa6 11. Qc2 Be6 12. cxd5 Bxd5 13. Bxd5 Nxd5 14. Nbc3
Ne7 15. Rab1 O-O 16. b4 Qc4 17. Qb3 Qe6 18. Qxe6 fxe6 19. e4 e5 20. f4 exf4 21.
e5 Bc7 22. Nxf4 Kf7 23. Ne4 h6 24. Nc5 Bb6 25. Rfd1 Bxc5 26. dxc5 g5 27. Ne2
Nd5 28. b5 Kg6 29. bxc6 bxc6 30. Rb7 Rfe8 31. Nd4 Ne3 32. Re1 Rxe5 33. Nxc6 Re4
34. Ne7+ Rxe7 35. Rxe7 f4 36. c6 Rc8 37. Rc1 Kf6 38. Rxa7 Ke5 39. Rd7 Ke6 40.
Rh7 Ke5 41. c7 f3 42. Re7+ Kd4 43. Rd7+ Nd5 44. Rd8 1-0

[Event "3rd DC International"]
[Site "Arlington, VA"]
[Date "2015.06.29"]
[Round "8"]
[White "Katz, Alexander"]
[Black "Rohan, Ahuja"]
[Result "1/2-1/2"]
[WhiteElo "2320"]
[BlackElo "2218"]
[PlyCount "42"]
[EventDate "2015.06.??"]
[EventType "swiss"]
[EventRounds "9"]
[EventCountry "USA"]

1. d4 Nf6 2. Nc3 d5 3. Bg5 h6 4. Bh4 e6 5. Nf3 c5 6. e4 g5 7. Bg3 Nxe4 8. Nxe4
dxe4 9. Ne5 Nc6 10. Qh5 Rh7 11. Nxc6 bxc6 12. dxc5 Qf6 13. O-O-O Bxc5 14. Qe2
Qf5 15. Qd2 Bb6 16. h4 g4 17. b4 Qf6 18. Kb1 e5 19. Bc4 Bf5 20. Qd6 Qxd6 21.
Rxd6 Bd4 1/2-1/2

[Event "3rd DC International"]
[Site "Arlington, VA"]
[Date "2015.06.29"]
[Round "8"]
[White "Pressman, Leif"]
[Black "Korba, Nicky"]
[Result "0-1"]
[WhiteElo "2265"]
[BlackElo "2117"]
[PlyCount "102"]
[EventDate "2015.06.??"]
[EventType "swiss"]
[EventRounds "9"]
[EventCountry "USA"]

1. e4 e6 2. b3 d5 3. Bb2 Nc6 4. e5 Nge7 5. Nf3 a5 6. Bb5 Bd7 7. a4 Nb4 8. Be2
Nf5 9. c3 Nc6 10. d4 h5 11. Na3 Be7 12. Nc2 g5 13. h3 Na7 14. Nh2 g4 15. Nf1
gxh3 16. Rxh3 h4 17. g4 Ng7 18. f4 c5 19. Nce3 cxd4 20. cxd4 Bb4+ 21. Kf2 Qb6
22. Rc1 Nc6 23. f5 O-O-O 24. f6 Ne8 25. Nh2 Nc7 26. Nf3 Be8 27. g5 Kb8 28. Bd3
Bf8 29. Bb1 Na7 30. Ba1 Ba3 31. Rc3 Nc6 32. Nc2 Bf8 33. Bb2 Qa7 34. Nce1 b5 35.
Nd3 Nxd4 36. Rxc7 Qxc7 37. Nxd4 bxa4 38. bxa4 Rg8 39. Qd2 Bxa4 40. Bc3 Rc8 41.
Bxa5 Qa7 42. Nb2 Bc5 43. Nxa4 Bxd4+ 44. Kg2 Rxg5+ 45. Qxg5 Qxa5 46. Rxh4 Qxa4
47. Qg4 Qc4 48. Qd1 Rg8+ 49. Kh1 Qc3 50. Bd3 Rg1+ 51. Qxg1 Bxg1 0-1

[Event "3rd DC International"]
[Site "Arlington, VA"]
[Date "2015.06.29"]
[Round "8"]
[White "Debs, Felipe"]
[Black "Niemann, Hans"]
[Result "1-0"]
[WhiteElo "2515"]
[BlackElo "2179"]
[PlyCount "91"]
[EventDate "2015.06.??"]
[EventType "swiss"]
[EventRounds "9"]
[EventCountry "USA"]

1. Nf3 Nf6 2. c4 d5 3. cxd5 Nxd5 4. e4 Nb6 5. d4 g6 6. h3 Bg7 7. Nc3 c5 8. d5
e6 9. Bg5 f6 10. Be3 exd5 11. Bxc5 dxe4 12. Bb5+ Nc6 13. Qb3 Bf8 14. Rd1 Bd7
15. Bxf8 Kxf8 16. Nd4 Qe7 17. O-O Kg7 18. a4 f5 19. Nce2 Rac8 20. Bxc6 bxc6 21.
Nf4 Rhe8 22. a5 Na8 23. Qc3 Kg8 24. Qc4+ Kg7 25. Qc3 Kg8 26. Qc4+ Kg7 27. Nb3
Rc7 28. Nc5 Bc8 29. Qc3+ Kg8 30. Rd2 Qf7 31. Rfd1 Rce7 32. Rd8 Nc7 33. h4 Be6
34. Qg3 Bd5 35. Rd6 Nb5 36. Nxd5 cxd5 37. R6xd5 f4 38. Qb3 e3 39. fxe3 fxe3 40.
Rf1 e2 41. Rxf7 e1=Q+ 42. Rf1 Qe3+ 43. Qxe3 Rxe3 44. Nd7 Nc7 45. Nf6+ Kh8 46.
Nxe8 1-0

[Event "3rd DC International"]
[Site "Arlington, VA"]
[Date "2015.06.29"]
[Round "8"]
[White "Yuvarajan, Prathiba"]
[Black "Krishnan, Varun"]
[Result "1/2-1/2"]
[WhiteElo "2178"]
[BlackElo "2305"]
[PlyCount "99"]
[EventDate "2015.06.??"]
[EventType "swiss"]
[EventRounds "9"]
[EventCountry "USA"]

1. e4 c5 2. Nf3 Nc6 3. d4 cxd4 4. Nxd4 e5 5. Nb5 d6 6. c4 Be7 7. N1c3 a6 8. Na3
f5 9. exf5 Bxf5 10. Bd3 Be6 11. Nc2 Nf6 12. O-O O-O 13. Qe2 Rb8 14. Rd1 Qe8 15.
h3 Qf7 16. Be3 Rbc8 17. b3 Nh5 18. Be4 Nf4 19. Bxf4 exf4 20. Nd5 Bg5 21. Nd4
Nxd4 22. Rxd4 Rcd8 23. Rad1 Rfe8 24. Qd3 g6 25. b4 Bh6 26. Qf3 Bg7 27. R4d2 Be5
28. a4 Kg7 29. a5 Rc8 30. Nb6 Rc7 31. Bd5 Bxd5 32. Rxd5 Rce7 33. b5 Rc7 34. Qd3
axb5 35. Rxb5 Qe6 36. Qd5 Qf5 37. c5 dxc5 38. Rxc5 Rxc5 39. Qxc5 f3 40. Qd5 Qf4
41. g3 Qf5 42. Nc4 Bf6 43. Qxb7+ Re7 44. Qb3 Bd4 45. Kh2 Bxf2 46. Qb2+ Kh6 47.
Qc1+ Kg7 48. Qb2+ Kh6 49. Qc1+ Kg7 50. Qb2+ 1/2-1/2

[Event "3rd DC International"]
[Site "Arlington, VA"]
[Date "2015.06.29"]
[Round "8"]
[White "Colas, Joshua"]
[Black "Gaffagan, Steven"]
[Result "1-0"]
[WhiteElo "2241"]
[BlackElo "2069"]
[PlyCount "65"]
[EventDate "2015.06.??"]
[EventType "swiss"]
[EventRounds "9"]
[EventCountry "USA"]

1. d4 Nf6 2. c4 g6 3. Nc3 Bg7 4. e4 d6 5. f3 O-O 6. Be3 Nc6 7. Nge2 a6 8. Qd2
Rb8 9. d5 Ne5 10. Nd4 e6 11. Be2 exd5 12. cxd5 Re8 13. O-O c6 14. dxc6 Nxc6 15.
Nc2 b5 16. a3 Na5 17. Rad1 Be6 18. Nb4 Bb3 19. Rb1 Ra8 20. Rfe1 d5 21. exd5
Nxd5 22. Nbxd5 Bxd5 23. Nxd5 Rxe3 24. Qxe3 Qxd5 25. Red1 Qc6 26. Rbc1 Nc4 27.
Bxc4 bxc4 28. Rc2 Rb8 29. Rcd2 Bxb2 30. Rxb2 Rxb2 31. Rd8+ Kg7 32. Qd4+ Qf6 33.
Rg8+ 1-0

[Event "3rd DC International"]
[Site "Arlington, VA"]
[Date "2015.06.30"]
[Round "9.1"]
[White "Bachmann, Axel"]
[Black "Maghami, Ehsan"]
[Result "1/2-1/2"]
[WhiteElo "2626"]
[BlackElo "2562"]
[PlyCount "105"]
[EventDate "2015.06.??"]
[EventType "swiss"]
[EventRounds "9"]
[EventCountry "USA"]
[WhiteClock "0:47:31"]
[BlackClock "0:17:35"]

1. d4 Nf6 2. c4 c6 3. Nf3 d5 4. e3 Bg4 5. Nc3 e6 6. Qb3 Qc7 7. Nh4 Be7 8. h3
Bh5 9. g4 Bg6 10. Nxg6 hxg6 11. Bg2 g5 12. Bd2 Nbd7 13. O-O-O Nb6 14. cxd5 cxd5
15. Kb1 Nc4 16. Bc1 Rc8 17. e4 Nxe4 18. Bxe4 dxe4 19. Nxe4 Qb6 20. Qxb6 Nxb6
21. Bxg5 Bxg5 22. Nxg5 Nd5 23. h4 Ke7 24. Nf3 Rc7 25. h5 f6 26. Rc1 Rxc1+ 27.
Rxc1 Kd7 28. Kc2 Rc8+ 29. Kd2 Rxc1 30. Kxc1 Nb4 31. Kd2 Nxa2 32. d5 exd5 33.
Nd4 Ke7 34. Nf5+ Kf7 35. Nd6+ Ke6 36. Nxb7 Ke5 37. Ke3 d4+ 38. Kf3 Nb4 39. Nc5
a5 40. Nd7+ Ke6 41. Nb6 Nd3 42. b3 Ne5+ 43. Ke4 d3 44. Ke3 Nxg4+ 45. Kxd3 Nxf2+
46. Kd4 Nh1 47. Nc4 Ng3 48. Nxa5 Nxh5 49. b4 Nf4 50. b5 Nd5 51. Nc4 g5 52. b6
Nxb6 53. Nxb6 1/2-1/2

[Event "3rd DC International"]
[Site "Arlington, VA"]
[Date "2015.06.30"]
[Round "9.2"]
[White "Mcshane, Luke"]
[Black "Subramanian, Arun"]
[Result "1-0"]
[WhiteElo "2685"]
[BlackElo "2496"]
[PlyCount "151"]
[EventDate "2015.06.??"]
[EventType "swiss"]
[EventRounds "9"]
[EventCountry "USA"]
[WhiteClock "0:00:48"]
[BlackClock "0:00:34"]

1. e4 c5 2. Nf3 d6 3. d4 cxd4 4. Nxd4 Nf6 5. Nc3 a6 6. Be3 e5 7. Nf3 Be7 8. Bc4
O-O 9. Bb3 Be6 10. Qd3 h6 11. Nh4 Nc6 12. Bxe6 fxe6 13. Ng6 Rf7 14. O-O-O Ne8
15. h4 Rc8 16. Kb1 Bf6 17. g4 Kh7 18. g5 Kxg6 19. h5+ Kh7 20. g6+ Kg8 21. gxf7+
Kxf7 22. Ne2 Qa5 23. Bd2 Qb6 24. Rhf1 Ke7 25. Bc3 Qc5 26. Bd2 b5 27. Be3 Qc4
28. b3 Qb4 29. c3 Qa5 30. Rd2 Qc7 31. Rc1 Qb7 32. f3 a5 33. Ka1 Rd8 34. c4 b4
35. Kb1 Nc7 36. Rcd1 a4 37. bxa4 Qa6 38. c5 Qxd3+ 39. Rxd3 d5 40. f4 Ra8 41.
Bc1 Rxa4 42. Bb2 b3 43. Rxb3 Rxe4 44. Rb7 Kd8 45. fxe5 Nxe5 46. Nc1 Kc8 47. Rb3
Kd7 48. Bxe5 Rxe5 49. Nd3 Rxh5 50. a4 Rh4 51. Rb4 Rxb4+ 52. Nxb4 Bc3 53. Nd3
Na6 54. Kc2 Bd4 55. Rb1 Kc7 56. a5 e5 57. Rb6 Nxc5 58. Nb4 Nb7 59. Nxd5+ Kb8
60. Rb5 Ka7 61. Nb4 g5 62. a6 Nd6 63. Rd5 Nc8 64. Rd7+ Kb6 65. Kb3 Kb5 66. Rd5+
Kb6 67. Rd7 Kb5 68. Rd8 Na7 69. Rb8+ Ka5 70. Rg8 Bc5 71. Nd3 Bb6 72. Nb4 Bc5
73. Rg7 e4 74. Rc7 Bb6 75. Re7 e3 76. Re5+ 1-0

[Event "3rd DC International"]
[Site "Arlington, VA"]
[Date "2015.06.30"]
[Round "9.3"]
[White "Gorovets, Andrey"]
[Black "Zhou, Jianchao"]
[Result "1-0"]
[WhiteElo "2514"]
[BlackElo "2597"]
[PlyCount "132"]
[EventDate "2015.06.??"]
[EventType "swiss"]
[EventRounds "9"]
[EventCountry "USA"]
[WhiteClock "0:01:27"]
[BlackClock "0:00:11"]

1. d4 Nf6 2. Bf4 d5 3. e3 c5 4. Nc3 a6 5. dxc5 Nc6 6. a3 h6 7. Nf3 Bg4 8. Qd2
g5 9. Bg3 Bg7 10. Ne5 Bf5 11. Bd3 Ne4 12. Bxe4 dxe4 13. Nxc6 bxc6 14. O-O-O Qa5
15. Nxe4 Qb5 16. Nc3 Qxc5 17. f3 Be6 18. e4 O-O 19. Bf2 Qc4 20. Qd3 Bxc3 21.
Qxc4 Bxb2+ 22. Kxb2 Bxc4 23. Bc5 Rfe8 24. Rd7 e5 25. Kc3 Be6 26. Rb7 Reb8 27.
Rxb8+ Rxb8 28. Bd6 Rb5 29. a4 Rb7 30. Bxe5 c5 31. Rd1 Rb4 32. Rd8+ Kh7 33. g4
f6 34. Bxf6 Rxa4 35. Rd6 Bf7 36. Kd2 Ra2 37. Rc6 Ra3 38. Bc3 Ra4 39. Rxc5 Rc4
40. Rxc4 Bxc4 41. Ke3 Kg6 42. f4 gxf4+ 43. Kxf4 Be2 44. Bd2 Bf1 45. h4 Bc4 46.
h5+ Kf6 47. Bb4 Kg7 48. Kf5 Ba2 49. Bd2 Bg8 50. Ke5 Bc4 51. Kf5 Ba2 52. Ba5 Kf7
53. e5 Be6+ 54. Kf4 Kg7 55. Bc3 Kf7 56. Bd2 Bd5 57. Kg3 Kg7 58. Kh4 Ba2 59. g5
hxg5+ 60. Kxg5 Bb1 61. h6+ Kg8 62. c4 Kf7 63. c5 Ke6 64. c6 Be4 65. c7 Kd7 66.
Ba5 Ke8 1-0

[Event "3rd DC International"]
[Site "Arlington, VA"]
[Date "2015.06.30"]
[Round "9.4"]
[White "Jussupow, Artur"]
[Black "Jayaram, Ashwin"]
[Result "1/2-1/2"]
[WhiteElo "2584"]
[BlackElo "2490"]
[PlyCount "104"]
[EventDate "2015.06.??"]
[EventType "swiss"]
[EventRounds "9"]
[EventCountry "USA"]
[WhiteClock "0:07:09"]
[BlackClock "0:10:22"]

1. d4 d5 2. c4 c6 3. e3 Nf6 4. Nc3 g6 5. Nf3 Bg7 6. Bd3 O-O 7. O-O e6 8. e4
dxe4 9. Nxe4 Nxe4 10. Bxe4 Qc7 11. Re1 Nd7 12. Bc2 b6 13. g3 Bb7 14. Bf4 Qc8
15. c5 bxc5 16. dxc5 Nxc5 17. Ne5 Qd8 18. Qe2 Qe7 19. b4 Nd7 20. Nxd7 Qxd7 21.
Rad1 Qc8 22. Qe3 a5 23. a3 axb4 24. axb4 Ba6 25. h4 Bc4 26. h5 Bd5 27. h6 Bh8
28. Bd6 Re8 29. Be5 f6 30. Bc3 Kf7 31. Ra1 Qd7 32. Red1 Qe7 33. f3 Qf8 34. g4
f5 35. g5 Bxc3 36. Qxc3 Qh8 37. Qxh8 Rxh8 38. Kf2 Ke7 39. Bd3 Rhb8 40. f4 Kd6
41. b5 c5 42. Be2 Kc7 43. Ke3 Kb6 44. Rdb1 Ba2 45. Rd1 Kc7 46. Rac1 Ra3+ 47.
Kf2 Bd5 48. Rxc5+ Kb6 49. Rdc1 Rba8 50. R5c3 Ra2 51. R1c2 Rxc2 52. Rxc2 Ra4
1/2-1/2

[Event "3rd DC International"]
[Site "Arlington, VA"]
[Date "2015.06.30"]
[Round "9"]
[White "Panchanathan, Magesh"]
[Black "Georgiadis, Nico"]
[Result "1-0"]
[WhiteElo "2541"]
[BlackElo "2479"]
[PlyCount "105"]
[EventDate "2015.06.??"]
[EventType "swiss"]
[EventRounds "9"]
[EventCountry "USA"]

1. d4 Nf6 2. Nf3 d5 3. g3 c5 4. Bg2 cxd4 5. Nxd4 e5 6. Nb3 Be6 7. O-O Be7 8.
Nc3 Nc6 9. Bg5 d4 10. Bxf6 Bxf6 11. Ne4 Be7 12. c3 Qb6 13. cxd4 Rd8 14. Nec5
Bc8 15. Na4 Qa6 16. Nc3 Nxd4 17. Nxd4 Rxd4 18. Qc2 Be6 19. e3 Rd8 20. Qe4 O-O
21. Rad1 b6 22. a3 Bb3 23. Rxd8 Rxd8 24. Qxe5 Bf6 25. Qc7 Rc8 26. Qd6 Rd8 27.
Qb4 Qc4 28. Bf3 Rd2 29. Qxc4 Bxc4 30. Rc1 Be6 31. b4 Rd3 32. Nb5 g6 33. Be4 Rd7
34. Kg2 a5 35. Rc6 Bd8 36. Nd4 Bd5 37. Bxd5 Rxd5 38. Kf3 axb4 39. axb4 Kg7 40.
Ke4 Rd7 41. Kd3 h5 42. h3 Kf8 43. Kc4 Ke8 44. Rc8 Rc7+ 45. Rxc7 Bxc7 46. Kd5
Kd7 47. g4 hxg4 48. hxg4 g5 49. b5 Bd6 50. Nf3 f6 51. Nd2 Ba3 52. Nc4 Bc5 53.
f3 1-0

[Event "3rd DC International"]
[Site "Arlington, VA"]
[Date "2015.06.30"]
[Round "9"]
[White "Cao, Jason"]
[Black "Bodek, Michael"]
[Result "1/2-1/2"]
[WhiteElo "2332"]
[BlackElo "2425"]
[PlyCount "101"]
[EventDate "2015.06.??"]
[EventType "swiss"]
[EventRounds "9"]
[EventCountry "USA"]

1. e4 c5 2. Nf3 d6 3. d4 cxd4 4. Nxd4 Nf6 5. Nc3 g6 6. Be3 Bg7 7. f3 O-O 8. Qd2
Nc6 9. Bc4 Nd7 10. O-O-O Nb6 11. Be2 Ne5 12. b3 Bd7 13. Bh6 Bxh6 14. Qxh6 Rc8
15. Kb2 Qc7 16. Qd2 Qc5 17. f4 Ng4 18. Rhf1 e5 19. Bxg4 exd4 20. Nd5 Nxd5 21.
Bxd7 Ne3 22. Bxc8 Rxc8 23. Rfe1 Qxc2+ 24. Qxc2 Rxc2+ 25. Kb1 Rxg2 26. Rg1 Rxh2
27. Rxd4 Nc2 28. Ra4 b5 29. Rxa7 b4 30. Rg3 Na3+ 31. Kc1 Nb5 32. Ra8+ Kg7 33.
Rd3 h5 34. f5 h4 35. fxg6 fxg6 36. Rd5 Nc3 37. Rxd6 Nxa2+ 38. Kd1 Nc3+ 39. Ke1
h3 40. Rd7+ Kf6 41. Rd6+ Ke5 42. Rxg6 Rh1+ 43. Kf2 Nxe4+ 44. Ke2 h2 45. Rh6 Rb1
46. Rxh2 Rb2+ 47. Kd3 Rxh2 48. Re8+ Kd5 49. Rxe4 Rd2+ 50. Kxd2 Kxe4 51. Ke2
1/2-1/2

[Event "3rd DC International"]
[Site "Arlington, VA"]
[Date "2015.06.30"]
[Round "9"]
[White "Mulyar, Michael"]
[Black "Chandran, Kapil"]
[Result "1/2-1/2"]
[WhiteElo "2392"]
[BlackElo "2257"]
[PlyCount "53"]
[EventDate "2015.06.??"]
[EventType "swiss"]
[EventRounds "9"]
[EventCountry "USA"]

1. c4 Nf6 2. Nf3 e6 3. g3 c5 4. Bg2 Qc7 5. O-O Be7 6. b3 O-O 7. d4 cxd4 8. Nxd4
a6 9. Bb2 Nc6 10. Nc3 d6 11. Rc1 Nxd4 12. Qxd4 Bd7 13. Rfd1 Rfd8 14. Qf4 Rac8
15. Ne4 Nxe4 16. Bxe4 Bc6 17. Rd3 h6 18. h4 Bf8 19. Bxc6 Qxc6 20. Ba3 Rd7 21.
Rcd1 Rcd8 22. Qd2 d5 23. Bxf8 Kxf8 24. Qb4+ Kg8 25. cxd5 Rxd5 26. Rxd5 Rxd5 27.
Rxd5 1/2-1/2